Japanese Country Names - Statistics

General Stats
  • This quiz has been taken 25 times
  • The average score is 12 of 14
Answer Stats
Kanj Script Latin Script English Name % Correct
アフガニスタン Afuganisutan Afghanistan
100%
アルジェリア Arujeria Algeria
100%
アンティグア・バーブーダ Antigua bābūda Antigua and Barbuda
100%
オーストラリア Ōsutoraria Australia
100%
アゼルバイジャン Azerubaijan Azerbaijan
100%
バハマ Bahama Bahamas
100%
ベラルーシ Berarūshi Belarus
100%
ベナン Benan Benin
100%
ボリビア Boribia Bolivia
100%
ボスニア・ヘルツェゴビナ Bosunia herutsu~egobina Bosnia and Herzegovina
100%
ブラジル Burajiru Brazil
100%
ブルネイ Burunei Brunei
100%
ブルガリア Burugaria Bulgaria
100%
ブルキナファソ Burukinafaso Burkina Faso
100%
ブルンジ Burunji Burundi
100%
カメルーン Kamerūn Cameroon
100%
カナダ Kanada Canada
100%
カーボベルデ Kāboberude Cape Verde
100%
中央アフリカ共和国 Chūōafurikakyōwakoku Central African Republic
100%
チャド Chado Chad
100%
中国 Chūgoku China
100%
コモロ Komoro Comoros
100%
キューバ Kyūba Cuba
100%
キプロス Kipurosu Cyprus
100%
チェコ共和国 Chekokyōwakoku Czech Republic
100%
コンゴ民主共和国 Kongominshukyōwakoku Democratic Republic of the Congo
100%
ドミニカ Dominika Dominica
100%
エリトリア Eritoria Eritrea
100%
エスワティニ Esuwatini Eswatini
100%
エチオピア Echiopia Ethiopia
100%
フィジー Fijī Fiji
100%
フィンランド Finrando Finland
100%
フランス Furansu France
100%
ガンビア Ganbia Gambia
100%
ジョージア Jōjia Georgia
100%
ガーナ Gāna Ghana
100%
グレナダ Gurenada Grenada
100%
ギニアビサウ Giniabisau Guinea-Bissau
100%
ハイチ Haichi Haiti
100%
アイスランド Aisurando Iceland
100%
インドネシア Indoneshia Indonesia
100%
イラク Iraku Iraq
100%
アイルランド Airurando Ireland
100%
ジャマイカ Jamaika Jamaica
100%
日本 Nihon Japan
100%
ヨルダン Yorudan Jordan
100%
カザフスタン Kazafusutan Kazakhstan
100%
ケニア Kenia Kenya
100%
キリバス Kiribasu Kiribati
100%
コソボ Kosobo Kosovo
100%
キルギスタン Kirugisutan Kyrgyzstan
100%
ラトビア Ratobia Latvia
100%
レバノン Rebanon Lebanon
100%
レソト Resoto Lesotho
100%
リビア Ribia Libya
100%
ルクセンブルク Rukusenburuku Luxembourg
100%
マダガスカル Madagasukaru Madagascar
100%
マラウイ Maraui Malawi
100%
マレーシア Marēshia Malaysia
100%
マルタ Maruta Malta
100%
モーリタニア Mōritania Mauritania
100%
メキシコ Mekishiko Mexico
100%
ミクロネシア Mikuroneshia Micronesia
100%
モルドバ Morudoba Moldova
100%
モンゴル Mongoru Mongolia
100%
モロッコ Morokko Morocco
100%
ミャンマー Myanmā Myanmar
100%
ニジェール Nijēru Niger
100%
ナイジェリア Naijeria Nigeria
100%
北マケドニア Kita Makedonia North Macedonia
100%
ノルウェー Noruu~ē Norway
100%
オマーン Omān Oman
100%
パキスタン Pakisutan Pakistan
100%
パラグアイ Paraguai Paraguay
100%
ペルー Perū Peru
100%
フィリピン Firipin Philippines
100%
ポーランド Pōrando Poland
100%
ポルトガル Porutogaru Portugal
100%
コンゴ共和国 Kongokyōwakoku Republic of the Congo
100%
ルーマニア Rūmania Romania
100%
ロシア Roshia Russia
100%
ルワンダ Ruwanda Rwanda
100%
セントクリストファー・ネイビス Sentokurisutofā neibisu Saint Kitts and Nevis
100%
サンマリノ Sanmarino San Marino
100%
サントメ・プリンシペ Santome purinshipe São Tomé and Príncipe
100%
サウジアラビア Saujiarabia Saudi Arabia
100%
セネガル Senegaru Senegal
100%
セルビア Serubia Serbia
100%
セーシェル Sēsheru Seychelles
100%
シエラレオネ Shierareone Sierra Leone
100%
シンガポール Shingapōru Singapore
100%
ソロモン諸島 Soromon shotō Solomon Islands
100%
ソマリア Somaria Somalia
100%
南スーダン Minami sūdan South Sudan
100%
スーダン Sūdan Sudan
100%
スリナム Surinamu Suriname
100%
スウェーデン Suu~ēden Sweden
100%
スイス Suisu Switzerland
100%
シリア Shiria Syria
100%
タジキスタン Tajikisutan Tajikistan
100%
トリニダード・トバゴ Torinidādo tobago Trinidad and Tobago
100%
ウクライナ Ukuraina Ukraine
100%
ウルグアイ Uruguai Uruguay
100%
ベネズエラ Benezuera Venezuela
100%
イエメン Iemen Yemen
100%
ザンビア Zanbia Zambia
100%
エジプト Ejiputo Egypt
83%
アンゴラ Angora Angola
67%
バルバドス BarubadosuBarubadosu Barbados
67%
ベルギー Berugī Belgium
67%
リヒテンシュタイン Rihitenshutain Liechtenstein
67%
リトアニア Ritoania Lithuania
67%
マーシャル諸島 Māsharu shotō Marshall Islands
67%
オーストリア Ōsutoria Austria
50%
ジブチ Jibuchi Djibouti
50%
ギニア Ginia Guinea
50%
ホンジュラス Honjurasu Honduras
50%
イスラエル Isuraeru Israel
50%
クウェート Kuu~ēto Kuwait
50%
マリ Mari Mali
50%
南アフリカ Minamiafurika South Africa
50%
韓国 Kankoku South Korea
50%
ベトナム Betonamu Vietnam
50%
ジンバブエ Jinbabue Zimbabwe
50%
クロアチア Kuroachia Croatia
33%
モーリシャス Mōrishasu Mauritius
33%
カタール Katāru Qatar
33%
イギリス Igirisu United Kingdom
33%
アルバニア Arubania Albania
0%
アンドラ Andora Andorra
0%
アルゼンチン Aruzenchin Argentina
0%
アルメニア Arumenia Armenia
0%
バーレーン Bārēn Bahrain
0%
ベリーズ Berīzu Belize
0%
ブータン Būtan Bhutan
0%
ボツワナ Botsuwana Botswana
0%
カンボジア Kanbojia Cambodia
0%
チリ Chiri Chile
0%
コロンビア Koronbia Colombia
0%
コスタリカ Kostuarika Costa Rica
0%
デンマーク Denmāku Denmark
0%
ドミニカ共和国 Dominikakyōwakoku Dominican Republic
0%
東ティモール Azuma timōru East Timor
0%
エクアドル Eduadoru Ecuador
0%
エルサルバドル Erusarubadoru El Salvador
0%
赤道ギニア Sekidōginia Equatorial Guinea
0%
エストニア Esutonia Estonia
0%
ドイツ Doitsu Germany
0%
ギリシャ Girisha Greece
0%
グアテマラ Guatemara Guatemala
0%
ガイアナ Gaiana Guyana
0%
ハンガリー Hangarī Hungary
0%
インド Indo India
0%
イタリア Itaria Italy
0%
コートジボワール Kōtojibowāru Ivory Coast
0%
ラオス Roasu Laos
0%
リベリア Riberia Liberia
0%
モルディブ Morudibu Maldives
0%
モンテネグロ Monteneguro Montenegro
0%
モザンビーク Mozanbīku Mozambique
0%
ネパール Nepāru Nepal
0%
オランダ Oranda Netherlands
0%
ニュージーランド Nyūjīrando New Zealand
0%
ニカラグア Nikaragua Nicaragua
0%
北朝鮮 Kitachōsen North Korea
0%
パラオ Parao Palau
0%
パプアニューギニア Papuanyūginia Papua New Guinea
0%
セントルシア Sentorushia Saint Lucia
0%
セントビンセントおよびグレナディーン諸島 Sentobinsento oyobi gurenadīn shotō Saint Vincent and the Grenadines
0%
スロバキア Surobakia Slovakia
0%
スロベニア Surobenia Slovenia
0%
スペイン Supein Spain
0%
スリランカ Suriranka Sri Lanka
0%
タイ Tai Thailand
0%
持ち帰り Mochikaeri Togo
0%
トルキエ Torukie Turkey
0%
トルクメニスタン Torukumenisutan Turkmenistan
0%
ツバル Tsubaru Tuvalu
0%
アメリカ合衆国 Amerikagasshūkoku United States
0%
ウズベキスタン Uzubekisutan Uzbekistan
0%
バヌアツ Banuatsu Vanuatu
0%
バチカン市国 Bachikanshikoku Vatican City
0%
No matching quizzes found
Score Distribution
Percent of People with Each Score
Percentile by Number Answered
Your Score History
You have not taken this quiz